01202cam a2200229 a 450000100100000000500170001000800410002704000250006808200190009310000350011224501070014726001120025430000350036650001670040150001140056850400360068265000310071865000450074970000320079471000790082671000670090500001323620260306121547.0871026s1985 cl ab b i000 0 spa  aDO-SdBNPbspacBNPHU a337.1bP349ó1 aPeña Velásquez, Margarita.10aOrganización de la comunidad internacional /cMargarita Peña Velasquez, Sixto Tirso Junco Gómez. aSantiago de Chile :bOficina Regional de Educación de la Unesco para América Latina y el Caribe,c1985. a201 p. :bil., mapas ;c22 cm. aRepública de Colombia, Ministerio de Educación Nacional, Oficina de Relaciones Internacionales, Comisión Nacional Colombiana de Cooperación con la Unesco. aA la cabeza del título: Organización de las Naciones Unidas para la Educación, la Ciencia y la Cultura. aIncluye bibliografía (P. 154) 0aOrganismos internacionales 0a Integración económica internacional1 aJunco Gómez, Sixto Tirso.2 aUnesco.bRegional Office for Education in Latin America and the Caribbean.2 aComisión Nacional Colombiana de Cooperación con la Unesco.